[Event "Guernsey International Open 2014"]
[Site "Guernsey GCI"]
[Date "2014.10.20"]
[Round "2"]
[White "Von Saldern, Rudiger"]
[Black "Derrick, Neil"]
[Result "1/2-1/2"]
[WhiteElo "1966"]
[BlackElo "1833"]
[PlyCount "64"]
[EventDate "2014.10.19"]
[EventType "swiss"]
[EventRounds "7"]

1. d4 Nf6 2. Nf3 g6 3. c4 c5 4. d5 b5 5. cxb5 a6 6. Nc3 d6 7. e4 Bg7 8. Be2 O-O
9. O-O axb5 10. Bxb5 Ba6 11. Bxa6 Nxa6 12. Re1 Nd7 13. Rb1 Qb6 14. Bg5 Rfe8 15.
a3 Rab8 16. Bd2 Qb3 17. h3 Rb7 18. Qe2 Nc7 19. Rec1 Reb8 20. Be1 Nb5 21. Nxb5
Rxb5 22. Bc3 Bxc3 23. Rxc3 Qa2 24. Qe1 Rxb2 25. Ra1 Qxa1 26. Qxa1 Rb1+ 27. Rc1
Rxa1 28. Rxa1 Ra8 29. a4 Ra5 30. Nd2 Nb6 31. Rb1 Na8 32. Ra1 Nb6 1/2-1/2

[Event "Guernsey International Open 2014"]
[Site "Guernsey GCI"]
[Date "2014.10.21"]
[Round "3"]
[White "Jackson, Oliver A"]
[Black "Da Ces, Philippe"]
[Result "1/2-1/2"]
[WhiteElo "2142"]
[BlackElo "1969"]
[PlyCount "73"]
[EventDate "2014.10.19"]
[EventType "swiss"]
[EventRounds "7"]

1. e4 d5 2. exd5 Qxd5 3. Nc3 Qa5 4. d4 Nf6 5. Bc4 Bg4 6. f3 Bf5 7. Nge2 Nbd7 8.
O-O e6 9. Bf4 Bd6 10. Bxd6 cxd6 11. Ng3 Bg6 12. f4 O-O 13. f5 exf5 14. Nce2 Nh5
15. Qe1 Qc7 16. Bb3 Nxg3 17. Nxg3 Rae8 18. Qd2 Nf6 19. Nxf5 Re4 20. Ng3 Re7 21.
c3 Rfe8 22. Ba4 Rb8 23. Nf5 Re4 24. Bc2 Ree8 25. Qf4 Re6 26. Bb3 Bxf5 27. Qxf5
Re3 28. Qg5 Qe7 29. Rxf6 h6 30. Bxf7+ Kf8 31. Qg6 Qxf6 32. Qh7 Kxf7 33. Rf1
Qxf1+ 34. Kxf1 Rbe8 35. h3 Re1+ 36. Kf2 R8e2+ 37. Kg3 1/2-1/2

[Event "Guernsey International Open 2014"]
[Site "Guernsey GCI"]
[Date "2014.10.21"]
[Round "3"]
[White "Dijksterhuis, Rolf"]
[Black "Johnsen, Gunnar"]
[Result "1/2-1/2"]
[WhiteElo "1971"]
[BlackElo "2140"]
[PlyCount "103"]
[EventDate "2014.10.19"]
[EventType "swiss"]
[EventRounds "7"]

1. d4 e6 2. e4 d5 3. Nc3 Bb4 4. Nge2 Nc6 5. e5 f6 6. exf6 Nxf6 7. a3 Bd6 8. Bg5
h6 9. Bh4 O-O 10. Qd2 a6 11. Bg3 b5 12. Nf4 b4 13. axb4 Bxb4 14. f3 e5 15. Nd3
exd4 16. Nxb4 Nxb4 17. Na2 Qe7+ 18. Be2 Nxa2 19. Rxa2 Re8 20. Kd1 c5 21. Re1
Qb7 22. Kc1 Bf5 23. Qf4 Bh7 24. Qd2 Re6 25. Bd3 Rae8 26. Rxe6 Rxe6 27. Ra3 Bxd3
28. Qxd3 Rb6 29. Ra2 a5 30. b3 Rb4 31. Be1 c4 32. Qxd4 cxb3 33. Bxb4 bxa2 34.
Bc3 Qb1+ 35. Kd2 Qf1 36. Qa4 Qxg2+ 37. Ke3 Qg1+ 38. Kd3 Qd1+ 39. Ke3 Qg1+ 40.
Kd3 Qf1+ 41. Ke3 Qc4 42. Qxc4 dxc4 43. Kd4 Kf7 44. Kxc4 Ke6 45. Kb3 Kd5 46.
Kxa2 a4 47. Ka3 Kc4 48. Bxf6 gxf6 49. Kxa4 Kc3 50. Kb5 Kxc2 51. Kc4 Kd2 52. Kd4
1/2-1/2

[Event "Guernsey International Open 2014"]
[Site "Guernsey GCI"]
[Date "2014.10.21"]
[Round "3"]
[White "Van der Wal, Robert"]
[Black "Van Veen, Wout"]
[Result "1-0"]
[WhiteElo "2133"]
[BlackElo "1835"]
[PlyCount "33"]
[EventDate "2014.10.19"]
[EventType "swiss"]
[EventRounds "7"]

1. c4 e6 2. g3 d5 3. Bg2 c5 4. Nf3 Nc6 5. cxd5 exd5 6. d4 c4 7. Nc3 Bb4 8. O-O
Nge7 9. e4 Bxc3 10. bxc3 O-O 11. Nd2 Na5 12. Ba3 dxe4 13. Nxe4 f5 14. Ng5 g6
15. Re1 Re8 16. Qe2 Nac6 17. Qxc4+ 1-0

[Event "Guernsey International Open 2014"]
[Site "Guernsey GCI"]
[Date "2014.10.21"]
[Round "3"]
[White "Derrick, Neil"]
[Black "Spanton, Timothy R"]
[Result "0-1"]
[WhiteElo "1833"]
[BlackElo "1975"]
[PlyCount "70"]
[EventDate "2014.10.19"]
[EventType "swiss"]
[EventRounds "7"]

1. d4 d5 2. Nf3 Nc6 3. e3 Bg4 4. Be2 Nf6 5. O-O Bxf3 6. Bxf3 e5 7. dxe5 Nxe5 8.
Nc3 c6 9. a3 Bd6 10. Rb1 h5 11. Be2 Nfg4 12. f4 Nxh2 13. Bd2 Neg4 14. Qe1 Nxf1
15. Bxf1 Qe7 16. b4 O-O 17. Be2 Nxe3 18. Bd3 Bxf4 19. Qf2 Bh2+ 20. Kh1 Ng4 21.
Qf5 g6 22. Bg5 Qe5 23. Qxe5 Bxe5 24. Ne2 Nf2+ 25. Kg1 Nxd3 26. cxd3 Rfe8 27.
Kf2 f6 28. Bd2 Re6 29. d4 Bd6 30. Nc3 b5 31. g3 a5 32. bxa5 Rxa5 33. Nxd5 Rxa3
34. Nc3 b4 35. Nd1 Bxg3+ 0-1

[Event "Guernsey International Open 2014"]
[Site "Guernsey GCI"]
[Date "2014.10.21"]
[Round "3"]
[White "Cummins, John"]
[Black "Stanners, Michael"]
[Result "0-1"]
[WhiteElo "1819"]
[BlackElo "1893"]
[PlyCount "47"]
[EventDate "2014.10.19"]
[EventType "swiss"]
[EventRounds "7"]

1. e4 d6 2. d4 Nf6 3. Nc3 c6 4. Nf3 Bg4 5. Be2 e6 6. Bg5 Be7 7. h3 Bh5 8. Nd2
Bxe2 9. Nxe2 d5 10. e5 Nfd7 11. Bxe7 Qxe7 12. c3 c5 13. b3 Nc6 14. Nf3 O-O 15.
Ng3 b5 16. O-O b4 17. c4 dxc4 18. bxc4 Rfd8 19. Re1 cxd4 20. Ne4 Ndxe5 21. c5
Nxf3+ 22. Qxf3 Rd5 23. Rac1 Ne5 24. Nd6 0-1

[Event "Guernsey International Open 2014"]
[Site "Guernsey GCI"]
[Date "2014.10.22"]
[Round "4"]
[White "Derrick, Neil"]
[Black "Hermes, Geoff"]
[Result "1/2-1/2"]
[WhiteElo "1833"]
[BlackElo "1931"]
[PlyCount "31"]
[EventDate "2014.10.19"]
[EventType "swiss"]
[EventRounds "7"]

1. d4 d6 2. c4 e5 3. dxe5 dxe5 4. Qxd8+ Kxd8 5. Nf3 f6 6. Nc3 Be6 7. e3 c6 8.
Bd2 Nd7 9. Be2 Nh6 10. a3 Nc5 11. b4 Nb3 12. Rd1 Kc7 13. O-O Nxd2 14. Rxd2 Be7
15. Rfd1 Rad8 16. Rxd8 1/2-1/2

[Event "Guernsey International Open 2014"]
[Site "Guernsey GCI"]
[Date "2014.10.23"]
[Round "5"]
[White "Van der Wal, Robert"]
[Black "Canonne, Antoine"]
[Result "1/2-1/2"]
[WhiteElo "2133"]
[BlackElo "1945"]
[PlyCount "40"]
[EventDate "2014.10.19"]
[EventType "swiss"]
[EventRounds "7"]

1. c4 e5 2. Nc3 Nc6 3. g3 f5 4. Bg2 Nf6 5. e3 Bb4 6. Nge2 Bxc3 7. Nxc3 O-O 8.
O-O d6 9. b3 Qe8 10. d4 Nd8 11. Nd5 Nxd5 12. cxd5 e4 13. f3 exf3 14. Qxf3 Rf7
15. Bd2 Re7 16. Rac1 Nf7 17. Rc2 Ng5 18. Qf2 Ne4 19. Bxe4 fxe4 20. Qe2 Bh3
1/2-1/2

[Event "Guernsey International Open 2014"]
[Site "Guernsey GCI"]
[Date "2014.10.23"]
[Round "5"]
[White "Havenaar, Jan"]
[Black "Da Ces, Philippe"]
[Result "1/2-1/2"]
[WhiteElo "2050"]
[BlackElo "1969"]
[PlyCount "98"]
[EventDate "2014.10.19"]
[EventType "swiss"]
[EventRounds "7"]

1. Nc3 d5 2. e4 dxe4 3. Nxe4 Qd5 4. Nc3 Qa5 5. d4 Nf6 6. Bc4 Bg4 7. f3 Bf5 8.
Nge2 Nbd7 9. g4 Bg6 10. Nf4 e5 11. Nxg6 hxg6 12. Bd2 Qb6 13. Qe2 O-O-O 14. dxe5
Nxe5 15. O-O-O Bd6 16. Bb3 Rhe8 17. g5 Nh5 18. Nd5 Qc6 19. f4 Nd7 20. Qg4 Kb8
21. Rhe1 Nc5 22. Nc3 Nxb3+ 23. axb3 a6 24. h3 Rxe1 25. Rxe1 Re8 26. Rxe8+ Qxe8
27. f5 Qe5 28. fxg6 fxg6 29. Ne4 Ng3 30. Nxd6 Qxd6 31. Qf3 Nf5 32. Bf4 Qd4 33.
c3 Qc5 34. Kb1 Qg1+ 35. Ka2 Qc5 36. Qe4 Qe7 37. Qc4 Nd6 38. Qd5 Qf7 39. Qd4 Qe7
40. c4 Qd7 41. Qd2 Qe7 42. Qd5 Qf7 43. Qd4 Qe7 44. c5 Nf5 45. Qd5 Qe8 46. b4
Kc8 47. b5 Kb8 48. Ka3 Kc8 49. Qc4 Kb8 {Remaining moves unreadable, (1/2-1/2,
62)} 1/2-1/2

[Event "Guernsey International Open 2014"]
[Site "Guernsey GCI"]
[Date "2014.10.23"]
[Round "5"]
[White "Stanners, Michael"]
[Black "Goetzee, Rick"]
[Result "1/2-1/2"]
[WhiteElo "1893"]
[BlackElo "1898"]
[PlyCount "86"]
[EventDate "2014.10.19"]
[EventType "swiss"]
[EventRounds "7"]

1. d4 Nf6 2. Nf3 d5 3. e3 c5 4. c3 Nc6 5. Bd3 e6 6. Nbd2 Be7 7. O-O b6 8. Qe2
O-O 9. e4 dxe4 10. Nxe4 Bb7 11. dxc5 bxc5 12. Nfg5 g6 13. Nxf6+ Bxf6 14. Ne4
Be7 15. Bh6 Re8 16. Rad1 Qc7 17. Rfe1 Rad8 18. Bg5 Bxg5 19. Nxg5 Ne7 20. Be4
Nd5 21. Nf3 Nf6 22. Bxb7 Qxb7 23. b3 Qc7 24. a4 Nd5 25. Qc2 Qa5 26. Rc1 Rb8 27.
Ne5 Qc7 28. h4 Red8 29. h5 Nf4 30. h6 Rd5 31. Ng4 Qe7 32. Rcd1 Rbd8 33. Rxd5
Rxd5 34. Rd1 Qg5 35. Rxd5 Nxd5 36. c4 Qxg4 37. cxd5 exd5 38. Qxc5 Qd1+ 39. Kh2
Qh5+ 40. Kg3 Qg5+ 41. Kf3 Qh5+ 42. Kg3 Qg5+ 43. Kf3 Qh5+ 1/2-1/2

[Event "Guernsey International Open 2014"]
[Site "Guernsey GCI"]
[Date "2014.10.23"]
[Round "5"]
[White "Murray, Steve"]
[Black "Derrick, Neil"]
[Result "1/2-1/2"]
[WhiteElo "1847"]
[BlackElo "1833"]
[PlyCount "57"]
[EventDate "2014.10.19"]
[EventType "swiss"]
[EventRounds "7"]

1. e4 c5 2. Nf3 d6 3. Bb5+ Bd7 4. Bxd7+ Qxd7 5. O-O Nc6 6. c3 Nf6 7. Re1 g6 8.
d4 cxd4 9. cxd4 Bg7 10. Nc3 O-O 11. Bg5 Rfd8 12. Qd2 Rac8 13. Bh6 a6 14. Bxg7
Kxg7 15. Rac1 b5 16. h3 Na5 17. Qe2 b4 18. e5 dxe5 19. dxe5 bxc3 20. exf6+ exf6
21. Rxc3 Rxc3 22. bxc3 Qd6 23. Rc1 Qc6 24. c4 Qc5 25. Rc2 Rc8 26. Nd2 Nc6 27.
Nb3 Qe5 28. c5 a5 29. Qd2 1/2-1/2

[Event "Guernsey International Open 2014"]
[Site "Guernsey GCI"]
[Date "2014.10.24"]
[Round "6"]
[White "Prins, Jan"]
[Black "Van der Wal, Robert"]
[Result "0-1"]
[WhiteElo "2049"]
[BlackElo "2133"]
[PlyCount "116"]
[EventDate "2014.10.19"]
[EventType "swiss"]
[EventRounds "7"]

1. d4 Nf6 2. Nf3 g6 3. g3 Bg7 4. Bg2 d6 5. c4 O-O 6. O-O Nc6 7. d5 Na5 8. Na3
c5 9. Nh4 a6 10. Re1 Rb8 11. e4 b5 12. Bf1 Bd7 13. f4 bxc4 14. e5 dxe5 15. fxe5
Ng4 16. e6 Bd4+ 17. Kg2 Nf2 18. Qe2 fxe6 19. Nf3 Nd3 20. Nxc4 Nxe1+ 21. Qxe1
Nxc4 22. Nxd4 cxd4 23. Bxc4 Rf5 24. g4 exd5 25. gxf5 dxc4 26. Qe5 Bc6+ 27. Kf1
Qd6 28. Qxd6 exd6 29. fxg6 hxg6 30. a4 Rb3 31. a5 Kf7 32. Ke1 Ke6 33. Ra2 Kf5
34. h4 Ke4 35. Bg5 Bd7 36. Kd2 d5 37. Bd8 Rg3 38. Ke1 Rg2 39. Bg5 c3 40. Kf1
cxb2 41. Kxg2 b1=Q 42. Rd2 Bb5 43. Kh2 Qb4 44. Rg2 Qxa5 45. Bh6 Qc7+ 46. Kg1
Qf7 47. Rf2 Qe6 48. Bg5 Qg4+ 49. Kh2 d3 50. Rg2 Qf5 51. Bd2 d4 52. Rg5 Qf2+ 53.
Rg2 Qxh4+ 54. Kg1 Qh5 55. Kf2 Ba4 56. Kg3 Bd1 57. Rf2 Qg4+ 58. Kh2 Bf3 0-1

[Event "Guernsey International Open 2014"]
[Site "Guernsey GCI"]
[Date "2014.10.24"]
[Round "6"]
[White "Da Ces, Philippe"]
[Black "Taylor, Mark V"]
[Result "0-1"]
[WhiteElo "1969"]
[BlackElo "2061"]
[PlyCount "62"]
[EventDate "2014.10.19"]
[EventType "swiss"]
[EventRounds "7"]

1. d4 e6 2. e4 d5 3. Nc3 Bb4 4. Nge2 dxe4 5. a3 Be7 6. g4 Nc6 7. Nxe4 Nf6 8.
Nxf6+ Bxf6 9. Be3 h5 10. gxh5 Rxh5 11. Bg2 Bd7 12. Qd3 Qe7 13. Ng3 Rh8 14. Ne4
Bh4 15. Nc5 Rb8 16. O-O-O Kf8 17. d5 exd5 18. Qxd5 Be6 19. Nxe6+ fxe6 20. Qc4
Qf6 21. Bxc6 bxc6 22. Bc5+ Kg8 23. Bd4 Qg5+ 24. Kb1 Qd5 25. Qc3 Rd8 26. Rdg1
Qxd4 27. Qxc6 Qb6 28. Qf3 Rh6 29. Rg4 Bf6 30. c3 Qd6 31. Rhg1 Qd3+ 0-1

[Event "Guernsey International Open 2014"]
[Site "Guernsey GCI"]
[Date "2014.10.24"]
[Round "6"]
[White "Twitchell, David"]
[Black "Stanners, Michael"]
[Result "1-0"]
[WhiteElo "2009"]
[BlackElo "1893"]
[PlyCount "87"]
[EventDate "2014.10.19"]
[EventType "swiss"]
[EventRounds "7"]

1. e4 d6 2. d4 Nf6 3. Nc3 c6 4. f4 Qa5 5. Qd3 e5 6. fxe5 dxe5 7. dxe5 Ng4 8.
Bf4 Bb4 9. Qg3 Bxc3+ 10. bxc3 h5 11. Bc4 Qc5 12. Bb3 Qe7 13. e6 Bxe6 14. Bxb8
Bxb3 15. axb3 Qxe4+ 16. Ne2 O-O 17. Bf4 Rfe8 18. Qf3 Qxc2 19. Rd1 Re7 20. Qd3
Qxb3 21. h3 Nf6 22. O-O Qb6+ 23. Kh1 Nd5 24. Nd4 Nxf4 25. Rxf4 Rae8 26. Qf3 Qc7
27. Rf1 Re1 28. Rf5 Rxf1+ 29. Qxf1 Qg3 30. Nf3 g6 31. Ra5 a6 32. Ra1 g5 33. Qc1
f6 34. Qb1 Kg7 35. Qxb7+ Kg6 36. Qxa6 Re6 37. Qc8 Re3 38. Qxc6 Re2 39. Rg1 g4
40. Qc8 Re3 41. Qg8+ Kf5 42. Nd4+ Ke4 43. Qg6+ Kd5 44. Nf5 1-0

[Event "Guernsey International Open 2014"]
[Site "Guernsey GCI"]
[Date "2014.10.24"]
[Round "6"]
[White "Derrick, Neil"]
[Black "Downey, Keith"]
[Result "1/2-1/2"]
[WhiteElo "1833"]
[BlackElo "1968"]
[PlyCount "44"]
[EventDate "2014.10.19"]
[EventType "swiss"]
[EventRounds "7"]

1. d4 Nf6 2. c4 e6 3. Nc3 Bb4 4. e3 d5 5. Nge2 c5 6. a3 Bxc3+ 7. Nxc3 cxd4 8.
exd4 dxc4 9. Bxc4 Nc6 10. d5 exd5 11. Nxd5 Nxd5 12. Bxd5 O-O 13. O-O Bd7 14.
Be3 Rc8 15. Rc1 b6 16. Qf3 Ne5 17. Qg3 Bc6 18. Bxc6 Nxc6 19. Rcd1 Qc7 20. Bf4
Qb7 21. Bh6 f6 22. Rd6 Kh8 1/2-1/2

[Event "Guernsey International Open 2014"]
[Site "Guernsey GCI"]
[Date "2014.10.25"]
[Round "7"]
[White "Van der Wal, Robert"]
[Black "Maloberti, David"]
[Result "1/2-1/2"]
[WhiteElo "2133"]
[BlackElo "2063"]
[PlyCount "95"]
[EventDate "2014.10.19"]
[EventType "swiss"]
[EventRounds "7"]

1. c4 f5 2. g3 Nf6 3. Bg2 d6 4. Nc3 e6 5. d4 Be7 6. Nh3 O-O 7. O-O Qe8 8. Nf4
c6 9. Nd3 d5 10. b3 Nbd7 11. e3 Ne4 12. Qc2 Bd6 13. Ne2 Rf7 14. Bb2 Nef6 15.
Ne5 Bxe5 16. dxe5 Ng4 17. cxd5 exd5 18. e6 Qxe6 19. Nd4 Qg6 20. h3 Nh6 21. Ba3
Nf8 22. Rac1 Bd7 23. Rfd1 Ne6 24. Nf3 Qf6 25. Qd2 Ng5 26. Nxg5 Qxg5 27. Qb4 Be6
28. Bb2 Rd7 29. a4 Nf7 30. a5 b6 31. Kh2 Nd6 32. Qe1 Re8 33. h4 Qh5 34. Rd4 Ne4
35. f3 Nf6 36. Qf2 Qf7 37. Bh3 Rdd8 38. Rg1 Qc7 39. b4 Re7 40. Qc2 Rde8 41. Rd2
Qd6 42. Rd4 Bd7 43. Bc1 Re5 44. Qc3 Qe7 45. Re1 Nh5 46. Rg1 h6 47. Bd2 Rf8 48.
Qd3 1/2-1/2

[Event "Guernsey International Open 2014"]
[Site "Guernsey GCI"]
[Date "2014.10.25"]
[Round "7"]
[White "Stanners, Michael"]
[Black "Derrick, Neil"]
[Result "1/2-1/2"]
[WhiteElo "1893"]
[BlackElo "1833"]
[PlyCount "38"]
[EventDate "2014.10.19"]
[EventType "swiss"]
[EventRounds "7"]

1. d4 Nf6 2. Nf3 g6 3. Bg5 Bg7 4. Nbd2 d5 5. e3 Nbd7 6. c3 c5 7. Bd3 Qc7 8. O-O
O-O 9. a4 e5 10. dxe5 Nxe5 11. Nxe5 Qxe5 12. Nf3 Qc7 13. a5 Be6 14. Qe2 Ne4 15.
Bf4 Qc8 16. Ng5 Nxg5 17. Bxg5 a6 18. Rfc1 Qd7 19. Rd1 Qc6 1/2-1/2

[Event "Guernsey International Holiday 2014"]
[Site "Guernsey, GCI"]
[Date "2014.10.22"]
[Round "4"]
[White "Haisma, Henk"]
[Black "Kirk, Matthew"]
[Result "1/2-1/2"]
[WhiteElo "1694"]
[BlackElo "1726"]
[PlyCount "98"]
[EventDate "2014.10.19"]
[EventType "swiss"]
[EventRounds "7"]

1. b4 e5 2. Bb2 Bxb4 3. Bxe5 Nf6 4. e3 O-O 5. Nf3 Re8 6. Bb2 d5 7. a3 Be7 8. c4
c5 9. cxd5 Nxd5 10. Qc2 Nc6 11. Bc4 a6 12. Nc3 Nb6 13. Bd3 g6 14. Ne4 Nd7 15.
Qc3 f6 16. Bc4+ Kg7 17. Nfg5 Nde5 18. Ne6+ Bxe6 19. Bxe6 Nd3+ 20. Ke2 Nxb2 21.
Qxb2 b5 22. a4 b4 23. Ba2 Ne5 24. d4 cxd4 25. exd4 Nd7 26. Rhe1 f5 27. Nd2 Bf6+
28. Kf1 Qb6 29. Rxe8 Rxe8 30. Qb3 Re7 31. Nf3 Bxd4 32. Nxd4 Qxd4 33. Rd1 Qe5
34. g3 Qe2+ 35. Kg1 Nc5 36. Qg8+ Kh6 37. Qf8+ Kh5 38. Rf1 b3 39. Bb1 Qe5 40.
Qd8 b2 41. Qd2 Qe2 42. Qf4 g5 43. Qxf5 Ne4 44. Qh3+ Kg6 45. f3 Qe3+ 46. Kh1 Kg7
47. fxe4 Rxe4 48. Bxe4 Qxe4+ 49. Qg2 b1=Q 1/2-1/2

[Event "41st Guernsey International Open"]
[Site "Guernsey, GCI"]
[Date "2015.10.18"]
[Round "1"]
[White "Vonhoff, Nils"]
[Black "Hebden, Mark"]
[Result "0-1"]
[WhiteElo "1999"]
[BlackElo "2490"]
[PlyCount "68"]
[EventDate "2015.10.18"]
[EventType "swiss"]
[EventRounds "7"]

1. e4 e5 2. Bc4 Nf6 3. d3 Nc6 4. c3 Be7 5. b4 O-O 6. Nf3 d5 7. exd5 Nxd5 8. O-O
Bf6 9. a3 Nb6 10. Bb3 Bf5 11. Bc2 Qd7 12. Qe2 Rfe8 13. Nfd2 Nd5 14. Ne4 Be7 15.
Rd1 Bg6 16. f3 Bf8 17. Bb3 Kh8 18. Ra2 f6 19. Qf2 Bf7 20. Rb2 a5 21. b5 Nd8 22.
a4 Ne6 23. Kh1 Rad8 24. g3 b6 25. Qf1 Nc5 26. Nxc5 Bxc5 27. Re2 Re7 28. Bc2 Bg6
29. Qe1 Ree8 30. Na3 Qh3 31. d4 exd4 32. Bxg6 Rxe2 33. Qxe2 Nxc3 34. Rxd4 Bxd4
0-1

[Event "41st Guernsey International Open"]
[Site "Guernsey, GCI"]
[Date "2015.10.18"]
[Round "1"]
[White "Cherniaev, Alexander"]
[Black "Campbell, Ian"]
[Result "1-0"]
[WhiteElo "2458"]
[BlackElo "1996"]
[PlyCount "93"]
[EventDate "2015.10.18"]
[EventType "swiss"]
[EventRounds "7"]

1. e4 g6 2. Nc3 d6 3. f4 Bg7 4. Nf3 e6 5. d4 Ne7 6. Be3 a6 7. a4 b6 8. Be2 Nd7
9. O-O Bb7 10. Kh1 Nf6 11. Nd2 Qd7 12. Bf3 h5 13. Bg1 d5 14. e5 Nfg8 15. a5 Nh6
16. axb6 cxb6 17. Na4 Nc8 18. b3 Nf5 19. g3 Qd8 20. Bf2 Ra7 21. Re1 Bf8 22. Kg1
Be7 23. Nf1 Bf8 24. c3 Qd7 25. Ra2 Bh6 26. Bg2 Kf8 27. h3 Qd8 28. Qf3 Kg8 29.
Bh1 Bf8 30. g4 hxg4 31. hxg4 Nh4 32. Qd3 Bc6 33. Bg3 Ne7 34. Ne3 Bd7 35. Rf2
Bb5 36. Qb1 Rc7 37. Nd1 Rc8 38. Nab2 Qd7 39. Qc1 g5 40. f5 Bh6 41. f6 Neg6 42.
Rh2 a5 43. Qd2 a4 44. bxa4 Bxa4 45. Nf2 Bb3 46. Nh3 Qc6 47. Rc1 1-0

[Event "41st Guernsey International Open"]
[Site "Guernsey, GCI"]
[Date "2015.10.18"]
[Round "1"]
[White "Magnussen, Pal"]
[Black "Koop, Thorben"]
[Result "0-1"]
[WhiteElo "1987"]
[BlackElo "2407"]
[PlyCount "157"]
[EventDate "2015.10.18"]
[EventType "swiss"]
[EventRounds "7"]

1. e4 c5 2. Nf3 Nc6 3. d4 cxd4 4. Nxd4 e5 5. Nf3 Nf6 6. Bc4 Bb4+ 7. c3 Be7 8.
O-O O-O 9. Re1 d6 10. h3 a6 11. a4 Be6 12. Bxe6 fxe6 13. Bg5 h6 14. Bd2 Qb6 15.
b4 Qc7 16. a5 d5 17. exd5 exd5 18. Be3 Bd6 19. Nbd2 Qf7 20. Bb6 Rac8 21. Nc4
dxc4 22. Qxd6 e4 23. Ne5 Nxe5 24. Qxe5 Rfe8 25. Qd4 Re7 26. Bd8 Rd7 27. Bxf6
Rxd4 28. Bxd4 Qf4 29. Re2 Rd8 30. Rd1 g5 31. Re3 Kf7 32. g3 Qf5 33. Kg2 Kg6 34.
Rd2 g4 35. h4 Qd5 36. Kg1 Kf5 37. Kh2 Qc6 38. Ree2 h5 39. Re3 Rd6 40. Ree2 Qa4
41. Kg2 Qb3 42. Rb2 Qd1 43. Rbd2 Qa4 44. Kh2 Rd7 45. Kg2 Qc6 46. Kh2 Qg6 47.
Re3 Ke6 48. Kg1 Rd6 49. Kh2 Qf5 50. Kg1 Rd5 51. Ree2 Kd7 52. Kh2 Kc6 53. Kg1
Qe6 54. Kh2 Qh6 55. Rd1 Qg6 56. Rdd2 Qf5 57. Kg1 Kb5 58. Kh2 Kc6 59. Kg1 Rd6
60. Kh2 Rd8 61. Kg1 Rd7 62. Kh2 Rd6 63. Kg1 Kd7 64. Kh2 Kc7 65. Kg1 Kd7 66. Kh2
Ke6 67. Kg1 Qd5 68. Kh2 Kf5 69. Kg1 Qc6 70. Kh2 Qa4 71. Kg2 Qb3 72. Rb2 Qd1 73.
Rbd2 Qb1 74. Rb2 Qd3 75. Rbd2 Rxd4 76. cxd4 c3 77. Rc2 Ke6 78. Kf1 Qd1+ 79. Kg2
0-1

[Event "41st Guernsey International Open"]
[Site "Guernsey, GCI"]
[Date "2015.10.18"]
[Round "1"]
[White "Godard, Maxence"]
[Black "Van Den Boogaart, Jan Maarten"]
[Result "1-0"]
[WhiteElo "2327"]
[BlackElo "1980"]
[PlyCount "99"]
[EventDate "2015.10.18"]
[EventType "swiss"]
[EventRounds "7"]

1. e4 e5 2. Bc4 Nf6 3. d3 Bc5 4. Nf3 Nc6 5. O-O d6 6. c3 O-O 7. h3 Bb6 8. Nbd2
Ne7 9. Bb3 a6 10. Nc4 Ba7 11. Nh4 c6 12. Bg5 Ng6 13. Nxg6 hxg6 14. Qf3 Qe7 15.
Ne3 Bb6 16. Rad1 Be6 17. Ng4 Bd8 18. d4 Bxb3 19. axb3 Qe6 20. Bxf6 gxf6 21. d5
cxd5 22. Rxd5 Be7 23. Rfd1 Rfd8 24. Ne3 Rac8 25. h4 Rc5 26. b4 Rxd5 27. Rxd5
Bf8 28. g3 Bh6 29. Ng4 Kg7 30. Nxh6 Kxh6 31. Qd3 Kg7 32. c4 Kf8 33. c5 Ke7 34.
b5 Rd7 35. bxa6 bxa6 36. cxd6+ Rxd6 37. Qa3 Kd7 38. Qa4+ Kc7 39. Qa5+ Kd7 40.
Qa4+ Kc7 41. Qa5+ Kd7 42. Qc5 Ke7 43. Kg2 Qd7 44. Kf3 f5 45. exf5 Qxf5+ 46. Ke3
Qd7 47. g4 f6 48. h5 gxh5 49. gxh5 Qh3+ 50. Kd2 1-0

[Event "41st Guernsey International Open"]
[Site "Guernsey, GCI"]
[Date "2015.10.18"]
[Round "1"]
[White "Kirby, Peter J"]
[Black "Corkett, Anthony R"]
[Result "0-1"]
[WhiteElo "1977"]
[BlackElo "2306"]
[PlyCount "120"]
[EventDate "2015.10.18"]
[EventType "swiss"]
[EventRounds "7"]

1. e4 c5 2. Nf3 Nc6 3. d4 cxd4 4. Nxd4 g6 5. c4 Bg7 6. Be3 Nf6 7. Nc3 O-O 8.
Be2 d6 9. O-O Bd7 10. Qd2 Nxd4 11. Bxd4 Bc6 12. f3 a5 13. b3 Nd7 14. Be3 Nc5
15. Rab1 Qb6 16. Rfc1 Rfc8 17. Rc2 Qd8 18. Bf1 Qf8 19. Nd5 Bxd5 20. exd5 Be5
21. Bh6 Bg7 22. Be3 Be5 23. Bh6 Qd8 24. Re1 Qd7 25. Bd3 Re8 26. Be3 Bf6 27. Be4
b5 28. Qe2 b4 29. Bxc5 dxc5 30. d6 Ra6 31. dxe7 Rxe7 32. Qd1 Bd4+ 33. Kh1 a4
34. Rce2 axb3 35. axb3 Bc3 36. Qxd7 Rxd7 37. Rb1 Rda7 38. h3 h5 39. h4 Kg7 40.
Kh2 Re6 41. Bd3 Rd6 42. Be4 Re7 43. Ra2 Rd4 44. Kh3 f5 45. Bd5 Be1 46. g3 f4
47. g4 Rd3 48. Ra8 Rd2 49. Be4 Bg3 50. Rh1 Red7 51. Bd5 Rb2 52. Rg8+ Kh7 53.
Rc8 Ra7 54. Ra8 Rxa8 55. Bxa8 Rxb3 56. gxh5 gxh5 57. Rg1 Kg7 58. Kg2 Rb2+ 59.
Kf1 Rf2+ 60. Ke1 Ra2+ 0-1

[Event "41st Guernsey International Open"]
[Site "Guernsey, GCI"]
[Date "2015.10.18"]
[Round "1"]
[White "Upton, Ian J"]
[Black "Goris, Ton"]
[Result "0-1"]
[WhiteElo "2255"]
[BlackElo "1975"]
[PlyCount "60"]
[EventDate "2015.10.18"]
[EventType "swiss"]
[EventRounds "7"]

1. Nf3 c5 2. e4 g6 3. d4 cxd4 4. Qxd4 Nf6 5. Bb5 Nc6 6. Bxc6 bxc6 7. e5 Nd5 8.
e6 f6 9. exd7+ Qxd7 10. O-O Qg4 11. a3 e5 12. Re1 Kf7 13. Qxg4 Bxg4 14. Nbd2
Be7 15. b3 a5 16. h3 Bf5 17. Ne4 c5 18. Nfd2 a4 19. Bb2 Rhb8 20. Rab1 axb3 21.
cxb3 Nf4 22. Re3 Rd8 23. a4 Rd3 24. Ba3 Rxe3 25. fxe3 Nd3 26. Kf1 Rb8 27. Ke2
c4 28. Bxe7 Kxe7 29. Ng3 Nf4+ 30. exf4 Bxb1 0-1

[Event "41st Guernsey International Open"]
[Site "Guernsey, GCI"]
[Date "2015.10.18"]
[Round "1"]
[White "Maloberti, David"]
[Black "Mack, Wolfgang"]
[Result "1/2-1/2"]
[WhiteElo "1975"]
[BlackElo "2223"]
[PlyCount "80"]
[EventDate "2015.10.18"]
[EventType "swiss"]
[EventRounds "7"]

1. d4 Nf6 2. c4 e6 3. Nc3 b6 4. Bg5 Be7 5. e3 Bb7 6. Nf3 O-O 7. Bd3 d5 8. cxd5
exd5 9. Qc2 Nbd7 10. O-O h6 11. Bh4 c5 12. Rfe1 Ne4 13. Nxd5 Ng5 14. Nxe7+ Qxe7
15. Nxg5 hxg5 16. Bg3 Rfd8 17. Rad1 Qf6 18. Be4 Bxe4 19. Qxe4 Qe6 20. Qxe6 fxe6
21. dxc5 Nxc5 22. Bc7 Rd3 23. b4 Rc8 24. bxc5 Rxd1 25. Rxd1 Rxc7 26. cxb6 axb6
27. h3 Rc2 28. a4 Ra2 29. Rd4 Kf7 30. Rb4 Kf6 31. g3 Kf5 32. Kg2 Kf6 33. Kf3
Kf5 34. e4+ Ke5 35. Rb5+ Kf6 36. Kg4 Rxa4 37. f3 Ra6 38. e5+ Kg6 39. f4 gxf4
40. gxf4 Ra1 1/2-1/2

[Event "41st Guernsey International Open"]
[Site "Guernsey, GCI"]
[Date "2015.10.18"]
[Round "1"]
[White "Broek, Thomas"]
[Black "Burton, Ronnie"]
[Result "1-0"]
[WhiteElo "2205"]
[BlackElo "1972"]
[PlyCount "65"]
[EventDate "2015.10.18"]
[EventType "swiss"]
[EventRounds "7"]

1. e4 d6 2. d4 Nf6 3. Nc3 Nbd7 4. Nf3 e5 5. dxe5 dxe5 6. Bc4 Be7 7. Bxf7+ Kxf7
8. Ng5+ Kg6 9. Ne6 Qg8 10. Nxc7 Bb4 11. Nxa8 Bxc3+ 12. bxc3 Qc4 13. Qd3 Qxe4+
14. Be3 b6 15. Nc7 Nc5 16. Qxe4+ Ncxe4 17. a4 Nxc3 18. a5 Ncd5 19. axb6 axb6
20. Nxd5 Nxd5 21. Ra8 Re8 22. c4 Nxe3 23. fxe3 Bd7 24. Rxe8 Bxe8 25. Ke2 b5 26.
c5 Bc6 27. Ra1 Kf5 28. Ra7 g6 29. g3 Ke4 30. Rxh7 Kd5 31. Rh6 Kxc5 32. Rxg6 Be4
33. Rg5 1-0